|
|
|
|
| LEADER |
01049nam a2200205 a 4500 |
| 001 |
GR-MES3519 |
| 008 |
991111s1977 gr 000 0 gre d |
| 040 |
|
|
|a GrPaTEI
|b gre
|c GR-PaULI
|
| 245 |
0 |
2 |
|a Η ιστορία της κοινωνικής προστασίας απο των αρχαιοτάτων χρόνων μέχρι σήμερον.
|
| 260 |
|
|
|a Αθήνα :
|b [χ.ο],
|c 1977
|
| 300 |
|
|
|a 212σελ.
|
| 650 |
|
4 |
|a ΑΡΧΑΙΟΤΗΤΑ
|
| 650 |
|
4 |
|a Ιστορία
|
| 650 |
|
4 |
|a ΚΟΙΝΩΝΙΚΗ ΠΡΟΣΤΑΣΙΑ
|
| 700 |
1 |
|
|a Θωμόπουλος, Ε.
|
| 942 |
|
|
|2 ddc
|
| 952 |
|
|
|0 0
|1 0
|2 ddc
|4 0
|6 361_900000000000000_ΘΩΜ
|7 0
|9 268119
|a MSLG
|b MSLG
|c BSC
|d 2021-01-17
|e 24
|f 0
|g 0.00
|l 0
|o 361.9 ΘΩΜ
|p 2420000005291
|r 2021-01-17 00:00:00
|t 1
|w 2021-01-17
|y BK15
|x 19991111 0 1
|x GrPaTEI
|
| 952 |
|
|
|0 0
|1 0
|2 ddc
|4 0
|6 361_900000000000000_ΘΩΜ
|7 0
|9 268120
|a MSLG
|b MSLG
|c BSC
|d 2021-01-17
|e 24
|f 0
|g 0.00
|l 0
|o 361.9 ΘΩΜ
|p 2420000005860
|r 2021-01-17 00:00:00
|t 1
|w 2021-01-17
|y BK15
|x 19991111 0 1
|x GrPaTEI
|
| 971 |
|
|
|a .b25745645
|b 16-04-20
|c 13-09-16
|
| 999 |
|
|
|c 154438
|d 154438
|